[Event "FBL 1"]
[Site "Deutschland"]
[Date "2009.11.08"]
[Round "2.6"]
[White "Mietzner, Tina"]
[Black "Haecker, Katrin"]
[Result "1-0"]
[WhiteElo "2246"]
[BlackElo "1615"]
[PlyCount "49"]
[EventDate "2009.11.07"]
[EventType "team"]
[EventCountry "GER"]
[WhiteTeam "OSG - SG Baden-Baden 1922"]
[BlackTeam "SV Wolfbusch"]

1. e4 e5 2. Nf3 Nc6 3. Nc3 Nf6 4. g3 Bc5 5. Bg2 d6 6. O-O O-O 7. d3 Bg4 8. Na4
Bb6 9. Nxb6 axb6 10. h3 Be6 11. Ng5 Bd7 12. f4 h6 13. Nf3 Ne7 14. f5 Nc6 15. c4
Re8 16. g4 Nb4 17. a3 Na6 18. g5 hxg5 19. Bxg5 b5 20. Nh2 c6 21. Kh1 bxc4 22.
Ng4 cxd3 23. Nxf6+ gxf6 24. Bh6 Kh7 25. Qh5 1-0

[Event "FBL 1"]
[Site "Deutschland"]
[Date "2009.11.08"]
[Round "2.1"]
[White "Gaponenko, Inna"]
[Black "Alexandrova, Olga"]
[Result "1/2-1/2"]
[WhiteElo "2455"]
[BlackElo "2391"]
[PlyCount "46"]
[EventDate "2009.11.07"]
[EventType "team"]
[EventCountry "GER"]
[WhiteTeam "Rodewischer Schachmiezen"]
[BlackTeam "SK Großlehna"]

1. e4 e6 2. d4 d5 3. Nc3 dxe4 4. Nxe4 Nd7 5. Nf3 Ngf6 6. Bd3 Nxe4 7. Bxe4 Nf6
8. Bg5 Qd6 9. Bxf6 gxf6 10. c3 f5 11. Bc2 Bd7 12. Qe2 O-O-O 13. Ne5 Be8 14. Bb3
Bg7 15. f4 Bxe5 16. fxe5 Qe7 17. O-O-O Bc6 18. Rhg1 h5 19. g3 Be4 20. Bc2 Qg5+
21. Qd2 Qxd2+ 22. Kxd2 Bxc2 23. Kxc2 Rhg8 1/2-1/2

[Event "FBL 1"]
[Site "Deutschland"]
[Date "2009.11.08"]
[Round "2.2"]
[White "Stojanovic, Andjelija"]
[Black "Vasilevich, Tatjana"]
[Result "1/2-1/2"]
[WhiteElo "2331"]
[BlackElo "2424"]
[PlyCount "42"]
[EventDate "2009.11.07"]
[EventType "team"]
[EventCountry "GER"]
[WhiteTeam "SK Großlehna"]
[BlackTeam "Rodewischer Schachmiezen"]

1. Nf3 e6 2. c4 d5 3. g3 Nf6 4. Bg2 c5 5. d4 Nc6 6. O-O dxc4 7. Qa4 Bd7 8. Qxc4
cxd4 9. Nxd4 Rc8 10. Nc3 Nxd4 11. Qxd4 Bc5 12. Qh4 b5 13. Bg5 Be7 14. Rad1 b4
15. Ne4 Nxe4 16. Bxe7 Qxe7 17. Qxe4 Qc5 18. Qb7 Rc7 19. Qa8+ Rc8 20. Qb7 Rc7
21. Qa8+ Rc8 1/2-1/2

[Event "FBL 1"]
[Site "Deutschland"]
[Date "2009.11.08"]
[Round "2.3"]
[White "Pokorna, Regina"]
[Black "Kulovana, Eva"]
[Result "1/2-1/2"]
[WhiteElo "2382"]
[BlackElo "2287"]
[PlyCount "29"]
[EventDate "2009.11.07"]
[EventType "team"]
[EventCountry "GER"]
[WhiteTeam "Rodewischer Schachmiezen"]
[BlackTeam "SK Großlehna"]

1. e4 e5 2. Nf3 Nf6 3. d4 Nxe4 4. dxe5 d5 5. Nbd2 Nxd2 6. Bxd2 Bg4 7. Be2 Nc6
8. O-O Bc5 9. c3 O-O 10. b4 Bb6 11. Bf4 Ne7 12. h3 Bxf3 13. Bxf3 Ng6 14. Bh2 c6
15. Bh5 1/2-1/2

[Event "FBL 1"]
[Site "Deutschland"]
[Date "2009.11.08"]
[Round "2.5"]
[White "Steinbacher, Claudia"]
[Black "Havlikova, Kristyna"]
[Result "0-1"]
[WhiteElo "2158"]
[BlackElo "2185"]
[PlyCount "56"]
[EventDate "2009.11.07"]
[EventType "team"]
[EventCountry "GER"]
[WhiteTeam "Rodewischer Schachmiezen"]
[BlackTeam "SK Großlehna"]

1. d4 Nf6 2. c4 g6 3. Nc3 d5 4. Nf3 Bg7 5. Qb3 dxc4 6. Qxc4 O-O 7. e4 a6 8. e5
b5 9. Qb3 Nfd7 10. Be3 c5 11. e6 cxd4 12. exd7 Qxd7 13. Rd1 e5 14. Bc1 Qb7 15.
Ne2 Be6 16. Qc2 Nc6 17. Ng3 Rac8 18. Qd2 Bxa2 19. Ne4 Qe7 20. Qg5 f6 21. Qh4
Nb4 22. Nfd2 d3 23. f3 Qa7 24. Bxd3 Nxd3+ 25. Ke2 Nf4+ 26. Kf1 Qe3 27. Qf2 Qd3+
28. Ke1 Qc2 0-1

[Event "FBL 1"]
[Site "Deutschland"]
[Date "2009.11.08"]
[Round "2.6"]
[White "Skogvall, Martina"]
[Black "Winkelmann, Elena"]
[Result "1-0"]
[WhiteElo "2100"]
[BlackElo "2119"]
[PlyCount "65"]
[EventDate "2009.11.07"]
[EventType "team"]
[EventCountry "GER"]
[WhiteTeam "SK Großlehna"]
[BlackTeam "Rodewischer Schachmiezen"]

1. e4 c5 2. Nc3 a6 3. f4 b5 4. g3 Bb7 5. Bg2 Nf6 6. Qe2 Nc6 7. Nf3 e6 8. d3 d6
9. O-O g6 10. Kh1 b4 11. Nd1 Bg7 12. f5 O-O 13. Bg5 Qc7 14. Ne3 Nd7 15. Nc4
Rae8 16. Bf4 e5 17. Be3 Nd4 18. Nxd4 cxd4 19. Bd2 Qc5 20. a3 bxa3 21. Rxa3 Nf6
22. Ra5 Qc7 23. g4 gxf5 24. g5 Nd7 25. Rxf5 f6 26. Ra1 Bc8 27. Rg1 Nc5 28. gxf6
Rxf6 29. Rxf6 Bxf6 30. Bh3+ Kh8 31. Bxc8 Rxc8 32. Qg4 Rd8 33. Ba5 1-0

[Event "FBL 1"]
[Site "Deutschland"]
[Date "2009.11.08"]
[Round "2.1"]
[White "Paehtz, Elisabeth"]
[Black "Ohme, Melanie"]
[Result "1-0"]
[WhiteElo "2482"]
[BlackElo "2310"]
[PlyCount "89"]
[EventDate "2009.11.07"]
[EventType "team"]
[EventCountry "GER"]
[WhiteTeam "SC Bad Königshofen 1957"]
[BlackTeam "SC Leipzig-Gohlis"]

1. e4 c5 2. Nf3 d6 3. d4 cxd4 4. Nxd4 Nf6 5. f3 Nc6 6. c4 g6 7. Be3 Bg7 8. Nc3
Bd7 9. Be2 O-O 10. Nc2 Rc8 11. O-O Qa5 12. Qe1 Rfe8 13. Rc1 Be6 14. a3 Nd7 15.
b4 Qd8 16. Nd5 Nde5 17. Qf2 f5 18. exf5 Bxf5 19. Rfd1 Rf8 20. Qh4 e6 21. Bg5
Qd7 22. Nf6+ Bxf6 23. Bxf6 Qc7 24. Bg5 Rf7 25. Bh6 Bxc2 26. Rxc2 Ne7 27. Bc1 d5
28. c5 Nf5 29. Qf2 d4 30. f4 Nc6 31. Bc4 Re8 32. Re2 Rf6 33. Re4 Kh8 34. g4 Ng7
35. b5 Na5 36. Qxd4 Rff8 37. Qd6 Qc8 38. Qe5 Rd8 39. Rxd8 Qxd8 40. Bb2 Qd1+ 41.
Bf1 Qxg4+ 42. Bg2 Rg8 43. Bc3 Nb3 44. c6 bxc6 45. bxc6 1-0

[Event "FBL 1"]
[Site "Deutschland"]
[Date "2009.11.08"]
[Round "2.3"]
[White "Nemcova, Katrin"]
[Black "Beltz, Franziska"]
[Result "1-0"]
[WhiteElo "2258"]
[BlackElo "2132"]
[PlyCount "73"]
[EventDate "2009.11.07"]
[EventType "team"]
[EventCountry "GER"]
[WhiteTeam "SC Bad Königshofen 1957"]
[BlackTeam "SC Leipzig-Gohlis"]

1. e4 c5 2. Nf3 d6 3. d4 cxd4 4. Nxd4 Nf6 5. Nc3 a6 6. Be3 e6 7. Be2 Nbd7 8. g4
h6 9. h4 b5 10. a3 Bb7 11. f3 d5 12. exd5 Nxd5 13. Nxd5 Bxd5 14. b3 Qc7 15. Qd2
Ne5 16. Rh3 Be7 17. h5 Rd8 18. a4 b4 19. f4 Nc6 20. Bxa6 Bf6 21. Bb5 O-O 22.
Bxc6 Bxc6 23. O-O-O e5 24. fxe5 Qxe5 25. Qh2 Qe4 26. Qg1 Bd5 27. g5 hxg5 28.
Bxg5 Bxg5+ 29. Qxg5 f6 30. Qg1 Rc8 31. Rg3 Rf7 32. Qe3 Qh4 33. Nf5 Qh2 34. Rd2
Qh1+ 35. Rg1 Rc3 36. Qe8+ Rf8 37. Ne7+ 1-0

[Event "FBL 1"]
[Site "Deutschland"]
[Date "2009.11.08"]
[Round "2.4"]
[White "Ulms, Sandra"]
[Black "Schoene, Maria"]
[Result "1/2-1/2"]
[WhiteElo "2127"]
[BlackElo "2265"]
[PlyCount "84"]
[EventDate "2009.11.07"]
[EventType "team"]
[EventCountry "GER"]
[WhiteTeam "SC Leipzig-Gohlis"]
[BlackTeam "SC Bad Königshofen 1957"]

1. d4 Nf6 2. c4 g6 3. Nc3 Bg7 4. e4 d6 5. Be2 O-O 6. Bg5 h6 7. Be3 Nbd7 8. Qd2
c5 9. d5 Kh7 10. h3 b5 11. cxb5 Qa5 12. a4 a6 13. b6 Nxb6 14. f3 e6 15. dxe6
Bxe6 16. Nd1 Nc4 17. Bxc4 Qxd2+ 18. Bxd2 Bxc4 19. Ne3 Be6 20. Ne2 d5 21. exd5
Nxd5 22. Nxd5 Bxd5 23. Bc3 Rfe8 24. Kf2 Rab8 25. Rhd1 Bc4 26. Ng3 Rxb2+ 27.
Bxb2 Bxb2 28. Ne4 Bxa1 29. Rxa1 Kg7 30. Nxc5 Re2+ 31. Kg1 Rc2 32. Ne4 Bb3 33.
a5 f5 34. Rb1 fxe4 35. Rxb3 exf3 36. gxf3 Ra2 37. Rb7+ Kf6 38. Rb6+ Kg5 39.
Rxa6 h5 40. h4+ Kf5 41. Ra8 Kf4 42. Rg8 Rxa5 1/2-1/2

[Event "FBL 1"]
[Site "Deutschland"]
[Date "2009.11.08"]
[Round "2.5"]
[White "Gromova, Iulia"]
[Black "Bielicki, Birke"]
[Result "1-0"]
[WhiteElo "2238"]
[BlackElo "2192"]
[PlyCount "75"]
[EventDate "2009.11.07"]
[EventType "team"]
[EventCountry "GER"]
[WhiteTeam "SC Bad Königshofen 1957"]
[BlackTeam "SC Leipzig-Gohlis"]

1. d4 Nf6 2. c4 g6 3. Nc3 Bg7 4. e4 d6 5. f3 O-O 6. Be3 Nc6 7. Nge2 a6 8. Qd2
Rb8 9. Rc1 Bd7 10. Nd1 b5 11. c5 e5 12. d5 Ne7 13. b4 Ne8 14. g4 f5 15. g5 Rf7
16. h4 Bf8 17. c6 Bc8 18. Ra1 Ng7 19. a4 Nh5 20. Rg1 Bg7 21. Ba7 Ra8 22. Bf2
Rb8 23. axb5 axb5 24. Ba7 Ra8 25. Ndc3 Nf4 26. Nxb5 fxe4 27. fxe4 Bh3 28. Nxf4
exf4 29. Bxh3 Bxa1 30. Be6 Be5 31. Bd4 Nc8 32. Rf1 Kg7 33. Bxe5+ dxe5 34. Qc3
Nd6 35. Qxe5+ Kf8 36. Rxf4 Rxf4 37. Qxf4+ Kg7 38. Qe5+ 1-0

[Event "FBL 1"]
[Site "Deutschland"]
[Date "2009.11.08"]
[Round "2.6"]
[White "Petri, Birgit"]
[Black "Mikliaeva, Darja"]
[Result "1/2-1/2"]
[WhiteElo "2089"]
[BlackElo "2162"]
[PlyCount "119"]
[EventDate "2009.11.07"]
[EventType "team"]
[EventCountry "GER"]
[WhiteTeam "SC Leipzig-Gohlis"]
[BlackTeam "SC Bad Königshofen 1957"]

1. e4 c5 2. Nf3 d6 3. d4 cxd4 4. Nxd4 Nf6 5. Nc3 Nc6 6. Bg5 Bd7 7. Qd2 Nxd4 8.
Qxd4 Qa5 9. Bd2 Qe5 10. Qxe5 dxe5 11. f3 a6 12. O-O-O e6 13. Ne2 Bc6 14. Bc3
Nd7 15. Kb1 Be7 16. Nc1 b5 17. Nd3 f6 18. Be2 a5 19. b4 a4 20. a3 Kf7 21. Be1
Rhc8 22. Nb2 Ra7 23. c4 bxc4 24. Bxc4 Nb6 25. Bd3 Rd7 26. Bf2 Rb8 27. Rc1 Ba8
28. Bc5 Bxc5 29. Rxc5 Rbd8 30. Rc3 g6 31. Rhc1 Kf8 32. Bb5 Rd2 33. R1c2 Rxc2
34. Kxc2 f5 35. Bc6 Ke7 36. Bxa8 Rxa8 37. Rc7+ Kd6 38. Rxh7 Rc8+ 39. Kd2 fxe4
40. fxe4 Rf8 41. Kd3 Rf2 42. Nc4+ Nxc4 43. Kxc4 Ra2 44. Rh3 Kc6 45. b5+ Kb6 46.
Kb4 Rxg2 47. Kxa4 Re2 48. Rh4 Rd2 49. Rh6 Rd4+ 50. Kb3 Kxb5 51. Rxg6 Rxe4 52.
Rxe6 Re3+ 53. Kc2 Kc4 54. Kd2 Kd4 55. Ra6 Rh3 56. Ra4+ Kd5 57. Ke2 Rxh2+ 58.
Ke3 Rh3+ 59. Ke2 e4 60. Ra8 1/2-1/2

[Event "FBL 1"]
[Site "Deutschland"]
[Date "2009.11.08"]
[Round "2.1"]
[White "Hoolt, Sarah"]
[Black "Kononenko, Tatiana"]
[Result "0-1"]
[WhiteElo "2235"]
[BlackElo "2377"]
[PlyCount "82"]
[EventDate "2009.11.07"]
[EventType "team"]
[EventCountry "GER"]
[WhiteTeam "SK Lehrte"]
[BlackTeam "USV Halle"]

1. e4 e6 2. d4 d5 3. Nc3 Bb4 4. e5 Ne7 5. a3 Bxc3+ 6. bxc3 c5 7. h4 Qc7 8. h5
h6 9. Nf3 b6 10. Bb5+ Bd7 11. Bd3 c4 12. Be2 Ba4 13. Nh4 Nbc6 14. O-O O-O-O 15.
Bg4 Qd7 16. Bh3 Rdg8 17. Ra2 g5 18. hxg6 fxg6 19. g4 Nd8 20. Ng2 g5 21. f4 gxf4
22. Rxf4 Ng6 23. Rf6 Qg7 24. Qf3 Nf8 25. Qg3 Be8 26. a4 Nd7 27. Rf2 Bh5 28. a5
b5 29. a6 Bxg4 30. Ra5 h5 31. Rxb5 Qe7 32. Kh2 h4 33. Qf4 Bxh3 34. Kxh3 Qg7 35.
Re2 Qg3+ 36. Qxg3 hxg3+ 37. Nh4 g2 38. Rxg2 Rxh4+ 39. Kxh4 Rxg2 40. Bg5 Nc6 41.
Rb2 Rg1 0-1

[Event "FBL 1"]
[Site "Deutschland"]
[Date "2009.11.08"]
[Round "2.2"]
[White "Lakos, Nikoletta"]
[Black "Zschischang, Marine"]
[Result "1/2-1/2"]
[WhiteElo "2292"]
[BlackElo "2089"]
[PlyCount "30"]
[EventDate "2009.11.07"]
[EventType "team"]
[EventCountry "GER"]
[WhiteTeam "USV Halle"]
[BlackTeam "SK Lehrte"]

1. e4 e6 2. d4 d5 3. Nd2 c5 4. Ngf3 cxd4 5. exd5 Qxd5 6. Bc4 Qd6 7. Qe2 Nf6 8.
Nb3 Nc6 9. Bg5 Qb4+ 10. Bd2 Qb6 11. O-O-O Bd7 12. Bg5 h6 13. Bxf6 gxf6 14.
Nfxd4 O-O-O 15. Nxc6 Qxc6 1/2-1/2

[Event "FBL 1"]
[Site "Deutschland"]
[Date "2009.11.08"]
[Round "2.3"]
[White "Laake, Jasmin"]
[Black "Melamed, Tetyana"]
[Result "0-1"]
[WhiteElo "2072"]
[BlackElo "2312"]
[PlyCount "58"]
[EventDate "2009.11.07"]
[EventType "team"]
[EventCountry "GER"]
[WhiteTeam "SK Lehrte"]
[BlackTeam "USV Halle"]

1. e4 c5 2. Nf3 e6 3. d4 cxd4 4. Nxd4 Nc6 5. Nxc6 bxc6 6. c4 Nf6 7. Nc3 e5 8.
Bd3 Be7 9. O-O d6 10. Kh1 O-O 11. f4 exf4 12. Bxf4 Be6 13. Qc2 g6 14. Rad1 Nd7
15. e5 dxe5 16. Bh6 Re8 17. Ne4 f5 18. Ng3 Bg5 19. Bxf5 gxf5 20. Nxf5 Qf6 21.
Bg7 Bxf5 22. Rxf5 Qxg7 23. Rd3 Rf8 24. Rg3 Rxf5 25. Qxf5 Rf8 26. Qe6+ Kh8 27.
h4 Rf1+ 28. Kh2 Bf4 29. Qe8+ Nf8 0-1

[Event "FBL 1"]
[Site "Deutschland"]
[Date "2009.11.08"]
[Round "2.4"]
[White "Belic, Jordanka"]
[Black "Schulze, Dorothee"]
[Result "1/2-1/2"]
[WhiteElo "2313"]
[BlackElo "1980"]
[PlyCount "80"]
[EventDate "2009.11.07"]
[EventType "team"]
[EventCountry "GER"]
[WhiteTeam "USV Halle"]
[BlackTeam "SK Lehrte"]

1. e4 c5 2. Nf3 d6 3. d4 cxd4 4. Nxd4 Nf6 5. Nc3 g6 6. Be2 Bg7 7. O-O O-O 8.
Be3 Nc6 9. Nb3 a6 10. f4 b5 11. Bf3 Bb7 12. Qd2 Nd7 13. Qf2 Na5 14. Nxa5 Qxa5
15. Bd4 Bxd4 16. Qxd4 Qb6 17. Rad1 Rac8 18. Rf2 Qxd4 19. Rxd4 Nb6 20. Be2 Rc5
21. a4 bxa4 22. Rb4 Rc6 23. Nd5 Nxd5 24. exd5 Rc7 25. c4 e6 26. dxe6 fxe6 27.
Rxa4 Rcf7 28. Rb4 Bc8 29. Rb6 d5 30. cxd5 exd5 31. g3 Rf6 32. Rb4 g5 33. Bf3
Be6 34. Rb6 gxf4 35. gxf4 Rxf4 36. Rxe6 Rxf3 37. Rxf3 Rxf3 38. Rxa6 Rb3 39. Rd6
Rb5 40. Rd7 Rxb2 1/2-1/2

[Event "FBL 1"]
[Site "Deutschland"]
[Date "2009.11.08"]
[Round "2.5"]
[White "Saal, Hilkka"]
[Black "Sharevich, Anna"]
[Result "0-1"]
[WhiteElo "1695"]
[BlackElo "2252"]
[PlyCount "124"]
[EventDate "2009.11.07"]
[EventType "team"]
[EventCountry "GER"]
[WhiteTeam "SK Lehrte"]
[BlackTeam "USV Halle"]

1. e4 c5 2. Nf3 e6 3. d4 cxd4 4. Nxd4 a6 5. c4 Nf6 6. Bd3 Nc6 7. Nb3 Qc7 8. O-O
Ne5 9. Qe2 b6 10. h3 Nxd3 11. Qxd3 Bb7 12. Nc3 Rc8 13. Be3 Bb4 14. f3 Qxc4 15.
Qxc4 Rxc4 16. Bxb6 Bxc3 17. bxc3 Rxc3 18. Nc5 Bc6 19. Nxa6 O-O 20. Rfc1 Rxc1+
21. Rxc1 h5 22. Rc5 Ra8 23. Ra5 Rc8 24. Nb4 d6 25. a4 Nd7 26. Be3 Ba8 27. Ra7
Ne5 28. Na6 Nc4 29. Bd4 e5 30. Bf2 Bc6 31. Nb4 Be8 32. Nd5 Rb8 33. a5 Rb1+ 34.
Kh2 Nd2 35. Ne3 Bc6 36. Rc7 Bb7 37. Kg3 g5 38. Rd7 h4+ 39. Kg4 Bc8 40. Kxg5
Bxd7 41. a6 Ra1 42. Nd5 Kg7 43. a7 Bc6 44. Kxh4 Bxd5 45. exd5 Nb3 46. Bb6 Nd4
47. f4 f6 48. Kg4 Nb5 49. Kf5 Kf7 50. h4 Nxa7 51. fxe5 fxe5 52. h5 Nb5 53. g4
Rh1 54. Be3 Nc3 55. h6 Nxd5 56. Bd2 Ne7+ 57. Ke4 Ke6 58. g5 d5+ 59. Kd3 e4+ 60.
Kc3 Rh3+ 61. Kc2 d4 62. Bb4 Ng6 0-1

[Event "FBL 1"]
[Site "Deutschland"]
[Date "2009.11.08"]
[Round "2.6"]
[White "Eckhardt, Claudia"]
[Black "Michalek, Barbara"]
[Result "1-0"]
[WhiteElo "2173"]
[BlackElo "1963"]
[PlyCount "79"]
[EventDate "2009.11.07"]
[EventType "team"]
[EventCountry "GER"]
[WhiteTeam "USV Halle"]
[BlackTeam "SK Lehrte"]

1. d4 Nf6 2. Nf3 g6 3. g3 e6 4. Bg2 Bg7 5. O-O O-O 6. c4 d5 7. Qd2 Na6 8. Rd1
c6 9. a3 Ne4 10. Nc3 f5 11. Rb1 Nc7 12. b4 Bd7 13. Ne5 Nxc3 14. Qxc3 Be8 15.
Nf3 h6 16. h4 Bf7 17. c5 a6 18. Bf4 Ne8 19. a4 Nf6 20. Qc1 Kh7 21. Be5 Be8 22.
Rb2 Ne4 23. Bxg7 Kxg7 24. Ne5 g5 25. hxg5 Qxg5 26. Bxe4 dxe4 27. Qxg5+ hxg5 28.
f3 exf3 29. exf3 Rh8 30. Rh2 Rxh2 31. Kxh2 Rd8 32. Kg2 Kf6 33. Nc4 Bd7 34. Rh1
Kg6 35. Nd6 Bc8 36. f4 gxf4 37. gxf4 b5 38. axb5 axb5 39. Ra1 Kf6 40. Ra8 1-0

[Event "FBL 1"]
[Site "Deutschland"]
[Date "2009.12.05"]
[Round "3.1"]
[White "Michna, Marta"]
[Black "Weng, Annegret"]
[Result "1-0"]
[WhiteElo "2366"]
[BlackElo "2162"]
[PlyCount "57"]
[EventDate "2009.11.07"]
[EventType "team"]
[EventCountry "GER"]
[WhiteTeam "Hamburger SK von 1830"]
[BlackTeam "SV Wolfbusch"]

1. Nf3 Nc6 2. g3 e5 3. d3 g6 4. Bg2 Bg7 5. e4 d6 6. c3 f5 7. Qb3 Nf6 8. exf5
gxf5 9. O-O Qe7 10. Nh4 Qe6 11. Na3 a6 12. Bg5 Qxb3 13. axb3 Be6 14. f4 e4 15.
Bh3 exd3 16. Bxf5 Bxb3 17. Bxd3 Ne7 18. Nb5 O-O 19. Nd4 Bf7 20. Rae1 Ned5 21.
Ndf5 Nd7 22. Nxg7 Kxg7 23. Nf5+ Kg8 24. c4 Nb4 25. Nh6+ Kg7 26. Bf5 Nc5 27. Re7
c6 28. Ng4 Kg8 29. Bf6 1-0

[Event "FBL 1"]
[Site "Deutschland"]
[Date "2009.12.05"]
[Round "3.2"]
[White "Haecker, Sonja"]
[Black "Voiska, Margarita"]
[Result "0-1"]
[WhiteElo "2064"]
[BlackElo "2349"]
[PlyCount "86"]
[EventDate "2009.11.07"]
[EventType "team"]
[EventCountry "GER"]
[WhiteTeam "SV Wolfbusch"]
[BlackTeam "Hamburger SK von 1830"]

1. e4 d6 2. d4 g6 3. Nc3 Bg7 4. f4 a6 5. Nf3 e6 6. Be3 Nd7 7. Be2 Ne7 8. Qd2 b5
9. a3 Bb7 10. O-O Nf6 11. e5 Ng4 12. Ng5 Nxe3 13. Qxe3 Nf5 14. Qd3 dxe5 15.
dxe5 Qe7 16. Nge4 Rd8 17. Qh3 O-O 18. Rfd1 f6 19. exf6 Bxf6 20. Nxf6+ Qxf6 21.
Bg4 Nd4 22. Rf1 h5 23. Be2 Nxc2 24. Rad1 Rxd1 25. Nxd1 Nd4 26. Bd3 Nf5 27. Bc2
Qd4+ 28. Kh1 Qd2 29. Bb3 Qe2 30. Kg1 Bd5 31. Bxd5 exd5 32. Qc3 Qc4 33. Qe5 Qd4+
34. Qxd4 Nxd4 35. Nc3 c6 36. g3 Re8 37. Kf2 Nf5 38. Rd1 Ne3 39. Rd2 Nc4 40. Rc2
d4 41. Nd1 d3 42. Rc3 Re2+ 43. Kf1 Nd2+ 0-1

[Event "FBL 1"]
[Site "Deutschland"]
[Date "2009.12.05"]
[Round "3.3"]
[White "Kadziolka, Beata"]
[Black "Jussupow, Ekaterina"]
[Result "0-1"]
[WhiteElo "2292"]
[BlackElo "2153"]
[PlyCount "110"]
[EventDate "2009.11.07"]
[EventType "team"]
[EventCountry "GER"]
[WhiteTeam "Hamburger SK von 1830"]
[BlackTeam "SV Wolfbusch"]

1. d4 d5 2. c4 e6 3. Nc3 Nf6 4. cxd5 exd5 5. Bg5 Be7 6. e3 O-O 7. Bd3 Nbd7 8.
Qc2 Re8 9. Nge2 Nf8 10. O-O c6 11. f3 Be6 12. Rad1 Rc8 13. Kh1 c5 14. Bb5 N8d7
15. dxc5 Rxc5 16. Nf4 a6 17. Nxe6 fxe6 18. Bd3 Qc7 19. Bf4 Ne5 20. Bg3 Bd6 21.
Qe2 b5 22. a3 Rb8 23. Na2 Nxd3 24. Bxd6 Qxd6 25. Rxd3 Nd7 26. Rfd1 Rbc8 27. Rc3
Rc4 28. Rxc4 bxc4 29. Nc3 Qe5 30. Qd2 Nc5 31. Qd4 Qb8 32. Qd2 Rd8 33. Qc2 Qe5
34. Qd2 Rb8 35. f4 Qh5 36. h3 Rb3 37. e4 Nd3 38. Rb1 d4 39. Na2 Qh4 40. Nc1
Nf2+ 41. Kh2 Qg3+ 42. Kg1 Nxh3+ 43. Kh1 Nf2+ 44. Kg1 Nxe4 45. Qxd4 Qe1+ 46. Kh2
Qh4+ 47. Kg1 Qe1+ 48. Kh2 Rh3+ 49. gxh3 Qg3+ 50. Kh1 Qxh3+ 51. Kg1 Qg3+ 52. Kf1
Qxf4+ 53. Kg1 Qg4+ 54. Kh2 Qg3+ 55. Kh1 Nf2+ 0-1

[Event "FBL 1"]
[Site "Deutschland"]
[Date "2009.12.05"]
[Round "3.4"]
[White "Erben, Larissa"]
[Black "Zickelbein, Eva Maria"]
[Result "1/2-1/2"]
[WhiteElo "2023"]
[BlackElo "2058"]
[PlyCount "50"]
[EventDate "2009.11.07"]
[EventType "team"]
[EventCountry "GER"]
[WhiteTeam "SV Wolfbusch"]
[BlackTeam "Hamburger SK von 1830"]

1. e4 e5 2. Nf3 Nc6 3. Bb5 a6 4. Ba4 Nf6 5. O-O b5 6. Bb3 Bb7 7. Re1 Bc5 8. c3
d6 9. d4 Bb6 10. Bg5 h6 11. Bh4 g5 12. Bg3 Qe7 13. a4 O-O-O 14. axb5 axb5 15.
Qd3 h5 16. h4 g4 17. Ng5 exd4 18. Nxf7 Ne5 19. Bxe5 dxe5 20. Qxb5 g3 21. fxg3
d3+ 22. Kh2 Ng4+ 23. Kh1 Nf2+ 24. Kh2 Ng4+ 25. Kh1 Nf2+ 1/2-1/2

[Event "FBL 1"]
[Site "Deutschland"]
[Date "2009.12.05"]
[Round "3.5"]
[White "Berglitz, Regina"]
[Black "Grossmann, Susan"]
[Result "1/2-1/2"]
[WhiteElo "2066"]
[BlackElo "2015"]
[PlyCount "111"]
[EventDate "2009.11.07"]
[EventType "team"]
[EventCountry "GER"]
[WhiteTeam "Hamburger SK von 1830"]
[BlackTeam "SV Wolfbusch"]

1. e4 d6 2. d4 Nf6 3. Nc3 g6 4. f4 Bg7 5. Nf3 O-O 6. Bd3 Na6 7. O-O c5 8. d5
Bg4 9. a3 Nc7 10. Qe1 e6 11. dxe6 Bxe6 12. Ng5 b5 13. Nxe6 fxe6 14. Kh1 c4 15.
Be2 d5 16. e5 Ne4 17. Nxe4 dxe4 18. Bg4 Qd5 19. Be3 Rad8 20. Rd1 Qc6 21. Rxd8
Rxd8 22. Qa5 Ra8 23. Rd1 Nd5 24. Qe1 Rf8 25. g3 g5 26. fxg5 Bxe5 27. c3 Bc7 28.
Bh3 Nxe3 29. Qxe3 Bb6 30. Qe1 e3+ 31. Bg2 Qc5 32. Qe2 Qxg5 33. Rf1 Rxf1+ 34.
Qxf1 Qe5 35. Qe2 Kh8 36. Bf3 a5 37. a4 Qc5 38. axb5 Qxb5 39. Bg4 Qd5+ 40. Kg1
Qd3 41. Kg2 Kg7 42. Bh5 Qd5+ 43. Bf3 Qd2 44. Qxd2 exd2 45. Kf1 Be3 46. Ke2 Bh6
47. Bc6 e5 48. Bb5 e4 49. Bxc4 e3 50. Bd3 Bg5 51. Bc2 h5 52. b4 axb4 53. cxb4
Be7 54. Kxe3 Bxb4 55. Kf4 Kf6 56. Bd1 1/2-1/2

[Event "FBL 1"]
[Site "Deutschland"]
[Date "2009.12.05"]
[Round "3.6"]
[White "Stitterich, Nadine"]
[Black "Schmidt, Jade"]
[Result "0-1"]
[WhiteElo "1956"]
[BlackElo "2003"]
[PlyCount "74"]
[EventDate "2009.11.07"]
[EventType "team"]
[EventCountry "GER"]
[WhiteTeam "SV Wolfbusch"]
[BlackTeam "Hamburger SK von 1830"]

1. e4 c5 2. Nf3 d6 3. d4 cxd4 4. Nxd4 Nf6 5. Nc3 Nc6 6. Bc4 e6 7. Be3 a6 8. Bb3
Be7 9. O-O O-O 10. f4 Nxd4 11. Bxd4 b5 12. Qd3 Bb7 13. Rae1 b4 14. Na4 Bc6 15.
Nb6 Rb8 16. Nc4 Nxe4 17. Nd2 Nc5 18. Qg3 Bf6 19. Bxc5 dxc5 20. Nc4 Bh4 21. Qg4
Bxe1 22. Rxe1 Qd4+ 23. Kh1 Qf2 24. Rg1 Bd5 25. Ne5 Bxb3 26. cxb3 Rbd8 27. Nc4
Rd4 28. Qg5 Rxf4 29. Qe7 Qd4 30. Qa7 Rd8 31. h3 h6 32. Qxa6 Rf2 33. Qb7 Rd5 34.
Re1 Qf4 35. Rg1 Rh5 36. Re1 Rxh3+ 37. Kg1 Rg3 0-1

[Event "FBL 1"]
[Site "Deutschland"]
[Date "2009.12.05"]
[Round "3.2"]
[White "Wagener, Anna"]
[Black "Reizniece, Dana"]
[Result "1/2-1/2"]
[WhiteElo "2223"]
[BlackElo "2341"]
[PlyCount "114"]
[EventDate "2009.11.07"]
[EventType "team"]
[EventCountry "GER"]
[WhiteTeam "Karlsruher SF 1853"]
[BlackTeam "SC Leipzig-Gohlis"]

1. e4 d6 2. d4 Nf6 3. Nc3 g6 4. f4 Bg7 5. a3 O-O 6. Nf3 c5 7. dxc5 Qa5 8. b4
Qd8 9. e5 dxe5 10. fxe5 Qxd1+ 11. Nxd1 Ng4 12. Bb2 Nc6 13. Nf2 Ne3 14. Kd2 Bh6
15. Kc3 Be6 16. Bc1 Nd5+ 17. Kb2 Bg7 18. Nd3 f6 19. c4 Nc7 20. Kb3 fxe5 21. Nb2
e4 22. Ng5 Nd4+ 23. Ka2 Bf5 24. Bd2 e3 25. Bxe3 Nc2 26. Bf4 Nxa1 27. Bxc7 Nc2
28. Be2 Nd4 29. Bd1 Ne6 30. Nxe6 Bxe6 31. Bf3 Rac8 32. Bg3 Rcd8 33. Re1 Rd2 34.
Be5 Bxc4+ 35. Kb1 Bd5 36. Bxg7 Kxg7 37. Rxe7+ Rf7 38. Rxf7+ Kxf7 39. Kc1 Rd4
40. Bxd5+ Rxd5 41. Nc4 Ke6 42. Kc2 Rf5 43. Nd6 Rf2+ 44. Kc3 Kd5 45. Nxb7 Kc6
46. Na5+ Kc7 47. Kc4 Ra2 48. Kb3 Rxg2 49. b5 Rxh2 50. Nc6 a6 51. a4 axb5 52.
axb5 Rh1 53. Nb4 Rb1+ 54. Kc4 Rc1+ 55. Kd5 Rd1+ 56. Kc4 Rc1+ 57. Kd5 Rd1+
1/2-1/2